01332nam a2200313 a 4500001000400000003001000004005001700014008004100031020001800072040002500090080002400115090002400139245019100163260003800354300002700392504002500419590004300444650002200487650003400509650001800543650002700561700004200588700003700630700003600667942001200703952014500715952014500860999001301005856BR-CuiBMT20231128002755.0231121s2016 mgba 000 0 por d a9788577009244 aBR-CuiBMTcBR-CuiBMT 22007a351.712:349.6 a351.712:349.6bP19500aPanorama de licitações sustentáveis : bdireito e gestão pública / cTeresa Villac, Marcos Weiss Bliacheris, Lilian Castro de Souza, coordenadores ; Juarez Freitas, prefácio. aBelo Horizonte :bFórum,c2016. a394 p. :bil. ;c22 cm aInclui bibliografia. aA Biblioteca possui a 1. reimpr. 2016. aDireito ambiental aDesenvolvimento sustentável aLicitação aCompras governamentais1 aBarki, Teresa Villac Pinheiro4coord.1 aBliacheris, Marcos Weiss4coord.1 aSouza, Lilian Castro de4coord. 2udccLV 00102udc4070aBIBTCEMTbBIBTCEMTd2019-08-12l0o351.712:349.6 P195pBIBTCEMT23110798r2023-11-21tEx. 1w2023-11-21yLVz1. reimpr. 2016 00102udc4070aBIBTCEMTbBIBTCEMTd2019-08-12l0o351.712:349.6 P195pBIBTCEMT23110875r2023-11-22tEx. 2w2023-11-22yLVz1. reimpr. 2016 c856d856